| 000 | 00487nam a22001817a 4500 | ||
|---|---|---|---|
| 003 | LK-CoDNM | ||
| 005 | 20250227152049.0 | ||
| 008 | 250227b |||||||| |||| 00| 0 eng d | ||
| 040 |
_aLK-CoDNM _dLK-CoDNM _eLK-CoDNM |
||
| 041 | _aeng | ||
| 080 |
_a7(540) _bSIV |
||
| 100 | _asivaramamurti, C | ||
| 245 | _aEthical Fragrance in Indian Art and Literature | ||
| 260 |
_aNew Delhi, India _bKanak Publications _c1980 |
||
| 300 | _a137P. : ill ; 25 cm | ||
| 650 | _aIndian | ||
| 942 | _cBK | ||
| 999 |
_c238492 _d238492 |
||